00807cam a22002291 4500001001300000003000400013005001700017008004100034010001700075035002000092040004300112042001200155050002300167110001600190240001500206245016400221260005900385300001900444650004400463710005300507999001700560l 27000440 DLC20260227111531.0850318s1927 cau s000 0 eng c al 27000440  a(OCoLC)11816177 aLibrary, U.S. Dept. of LaborcNhDdDLC apremarc00aHD7835.C2bA4 19271 aCalifornia.00aLaws, etc.10aLabor laws of the state of California, 1927.cWalter G. Mathewson, chief, Division of labor statistics and law enforcement, Department of industrial relations. a[Sacramento,bCalifornia State Printing Office,c1927] a350 p.c17 cm. 0aLabor laws and legislationzCalifornia.1 aCalifornia.bDepartment of Industrial Relations. c35885d35885